000
00440nam a2200133Ia 4500
008
100328s9999 xx 000 0 und d
082
_b
35723
100
_a
नाङकर्णी सुरेशचंद्र
245
_a
क्रीडा ज्ञानकोश
260
_b
शालिनी
630
_a
क्रीडा ज्ञानकोश
730
_a
क्रीडा ज्ञानकोश
942
_c
BOOK
999
_c
525567
_d
525564